100 truyện cổ tích Việt Nam hay nhất

Spremljeno u:
Bibliografski detalji
Glavni autor: Thái Đắc Xuân
Format: Knjiga
Jezik:Vietnamese
Izdano: Hà Nội 2000
Teme:
Oznake: Dodaj oznaku
Bez oznaka, Budi prvi tko označuje ovaj zapis!
Thư viện lưu trữ: Mạng thư viện Đại học Đà Nẵng
LEADER 00996nam a2200313 a 4500
001 000002386
003 04271
005 20171229145311.0
008 171229s2000 vie
040 |a LSK 
041 0 |a VIE 
082 0 |a 398.209597  |b TH-X 
100 1 |a Thái Đắc Xuân 
245 0 0 |a 100 truyện cổ tích Việt Nam hay nhất 
260 |b Hà Nội  |c 2000 
300 |a 448 pages  |c 19 cm. 
653 |a Văn học - Việt Nam - Truyện cổ tích 
852 |a Phòng Đọc 
901 |a 1 
927 |a Sách tham khảo 
OWN |a LSK 
AVA |a UDN50  |b LSK  |d 398.209597 TH-X  |e available  |t Error 5001 Not defined in file expand_doc_bib_avail.  |f 1  |g 0  |h N  |i 0  |k 1 
999 |a From the UDN01 
AVA |a UDN50  |b LSK  |d 398.209597 TH-X  |e available  |t Error 5001 Not defined in file expand_doc_bib_avail.  |f 1  |g 0  |h N  |i 0  |k 1 
TYP |a Monograph 
TYP |a Printed language 
980 |a Mạng thư viện Đại học Đà Nẵng